Größte Städte Südeuropa - Statistiken

Allgemein
  • Dieses Quiz wurde 50 mal gespielt
  • Das Durchschnittsergebnis liegt bei 14 aus 20
Antwortstatistiken
Einwohner Antwort % Korrekt
1.656.000 Barcelona
98%
3.340.000 Madrid
98%
2.747.000 Rom
98%
546.000 Lissabon
96%
908.000 Neapel
96%
1.366.000 Mailand
91%
804.000 Valencia
87%
689.000 Sevilla
82%
626.000 Palermo
80%
857.000 Turin
76%
362.000 Florenz
71%
345.000 Bilbao
69%
587.000 Málaga
67%
564.000 Genua
64%
391.000 Bologna
53%
431.000 Palma de Mallorca
49%
684.000 Saragossa
42%
351.000 Alicante
40%
468.000 Murcia
40%
381.000 Las Palmas de Gran Canaria
31%
Keine übereinstimmenden Quizze gefunden
Verteilung der Resultate
Anzahl Personen mit jedem Resultat
Perzentil nach korrekt beantworteten Fragen
Ihre Resultats-Entwicklung
Sie haben dieses Quiz noch nicht gespielt